000 00354 a2200109 4500
001 ART_58754
005 20260410161948.0
008 260409a
245 1 0 _aLa aplicabilidad administrativa de la dispensa de la prescripción
100 1 _aBlanco, Mariela
773 0 _tTemas de derecho laboral
_g- Año 9, N° 7 (jul. 2023)
_wREV27619
999 _c30101
_d30101